000 00688nam a22002297a 4500
003 UA-OsUOA
001 41828
007 ta
008 20081106b un ||||| |||| 00| 0 ukr d
090 _a050
_bБ98
942 _cCR
040 _aUA-OsUOA
_bukr
_cUA-OsUOA
_dUA-OsUOA
245 _aБюлетень НТШ в Америці
300 _a56 с.
955 _a1
041 _aukr
080 _a050
260 _bНТШ
310 _a2007; число 24(40)
650 7 _a050 Серійні публікації. Періодика галузі, Організація та інші типи поєднання (співробітництва)
_2UDC
999 _c440327
_d440327